000 00561cam a2200193 4500500
005 20260405000557.0
041 _afre
042 _adc
100 1 0 _aLacroix, Alexandre
_eauthor
245 0 0 _aTriviale politique
260 _c2008.
500 _a61
690 _aPipolisation
690 _aPolitique
690 _aVie privée
690 _aVie publique
786 0 _nPhilosophie magazine | 19 | 5 | 2008-05-01 | p. 12-12 | 1951-1787
856 4 1 _uhttps://shs.cairn.info/magazine-philosophie-magazine-2008-5-page-12?lang=fr&redirect-ssocas=7080
999 _c2038585
_d2038585